000 01221nam a2200265Ia 4500
003 OSt
005 20260702155921.0
008 210210b2003 xxu||||| |||| 00| 0 eng d
040 _cAL
041 _aTulu
082 _aT894.8 PRAM
100 _aPRABHAKARA RAI (B E).
_dಪ್ರಭಾಕರ ರೈ (ಬಿ. ಇ.)
_9266174
245 _aMadappandi nempu: atmakathe
_bಮದಪಂದಿ ನೆಂಪು: ಆತ್ಮಕಥೆ
260 _aBengaluru
_bSatvika Prakashana
_c2003
300 _a229
520 _aಈ ಪುಸ್ತಕವು ಕೇವಲ ಪ್ರಭಾಕರ ರೈ ಆತ್ಮಕಥೆಯಾಗಿರದೆ, ತುಳುನಾಡಿನ ಗ್ರಾಮೀಣ ಸೊಗಡು, ಆಚಾರ-ವಿಚಾರಗಳು ಮತ್ತು ತುಳುನಾಡಿನ ಸಾಂಸ್ಕೃತಿಕ, ಭಾಷಿಕ ಮತ್ತು ಐತಿಹಾಸಿಕ ನೆನಪುಗಳನ್ನು ಬಿಂಬಿಸುವ ಪ್ರಮುಖ ಕೃತಿಯಾಗಿದೆ
650 _aTulu
_9266175
650 _aPrabhakara Rai
_9266176
650 _anempu:
_9266177
650 _aMadappandi
_9266178
650 _aatmakathe
_9266179
690 _aTulu Biography
_9266180
906 _a061640
942 _2ddc
_cBK
999 _c108540
_d108540